各种知识 #6 General knowledge - Statistics

General Stats
  • This quiz has been taken 72 times
  • The average score is 12 of 20
Answer Stats
出题者 问题 答案 % Correct
pcktrsss 空气中含量第二多的气体是 氧气
97%
hahahasisisi 长江黄河发源于哪一个省级行政区 青海省
93%
pcktrsss 中国“三大航”中,总部位于上海的航空公司是 中国东方航空
87%
pcktrsss 中国海洋大学本部位于的城市是 青岛
78%
pcktrsss 呼伦贝尔名字的来源是呼伦湖和 贝尔湖
74%
TMDDS “宰相合肥天下瘦”讽刺的是哪位晚清官员 李鸿章
71%
pcktrsss 闽南地名常用字“厝”的普通话读音是(不用标声调) cuo
71%
hahahasisisi 中国最年轻的直辖市在哪一年成立 1997年
69%
pcktrsss 齐齐哈尔最有名的全国性特色美食是 烤肉
68%
TMDDS 电子科技大学位于哪座城市 成都
65%
pcktrsss 重庆洪崖洞旁的千厮门大桥跨越的江是 嘉陵江
62%
CNY 中国著名的古藏书楼天一阁所在的城市是 宁波
59%
dshyx6 林彪坠机的地方在蒙古国的哪里 成吉思汗
59%
TMDDS 《曹刿论战》中的鲁国国君是 鲁庄公
56%
TMDDS 为应对民间的反德情绪,1917年,英国国王乔治五世宣布将王室姓氏改为 温莎
51%
TMDDS 《离骚》开篇:帝高阳之苗裔兮,朕皇考曰 伯庸
47%
pcktrsss 海贼王(航海王)中,山治在船上的职业是 厨师
46%
dshyx6 中国人民海军的诞生地在今天的哪个地级市 泰州
21%
pcktrsss Van ♂成名作更衣室大战中的空耳“广东人”实际上的英文原文是 wrong door
15%
TMDDS 央企中国一重的总部位于哪座城市 齐齐哈尔
12%
No matching quizzes found
Score Distribution
Percent of People with Each Score
Percentile by Number Answered
Your Score History
You have not taken this quiz